Advanced strength of materials. (Record no. 26995)

MARC details
000 -LEADER
fixed length control field 00451nam a2200181Ia 4500
020 ## - INTERNATIONAL STANDARD BOOK NUMBER
ISBN 9780486654072
050 ## - CALL MARK
Classification number TA 405 .D46/
100 ## - STATEMENT OF RESPONSIBILITY--MAIN AUTHOR NAME
Personal name Den Hartog J.P.
245 #0 - TITLE STATEMENT
Title Advanced strength of materials.
260 ## - PUBLICATION, DISTRIBUTION, ETC. (IMPRINT)
Place of publication New York
260 ## - PUBLICATION, DISTRIBUTION, ETC. (IMPRINT)
Name of publisher DOVER Publications, INC.
260 ## - PUBLICATION, DISTRIBUTION, ETC. (IMPRINT)
Year of publication 2020
300 ## - PHYSICAL DESCRIPTION
Number of Pages 378 p
650 ## - SUBJECT ADDED ENTRY--TOPICAL TERM
Topical Term Advanced strength of materials
942 ## - ADDED ENTRY ELEMENTS (KOHA)
Koha item type Books
Holdings
Withdrawn status Lost status Source of classification or shelving scheme Damaged status Not for loan Permanent Location Current Location Shelving location Date acquired Accession Number Price effective from Koha item type
    Library of Congress Classification     NILE UNIVERSITY OF NIGERIA - MAIN LIBRARY NILE UNIVERSITY OF NIGERIA - MAIN LIBRARY Items on shelf 04/23/2025 0001684 04/23/2025 Books